书目信息 |
| 题名: |
高校党课教程
|
|
| 作者: | 罗映光 主编 | |
| 分册: | ||
| 出版信息: | 成都 电子科技大学出版社 2003 |
|
| 页数: | 274页 | |
| 开本: | 20cm | |
| 丛书名: | 党的知识丛书 | |
| 单 册: | ||
| 中图分类: | D261.42 | |
| 科图分类: | ||
| 主题词: | 中国共产党--党课--高等学校--教材 , 中国共产党 , 党课 | |
| 电子资源: | ||
| ISBN: | 7-81094-167-4 | |
| 000 | 00907oam2 2200289 45 | |
| 001 | 01200620000013 | |
| 005 | 20070110153456.35 | |
| 010 | @a7-81094-167-4@dCNY21.80 | |
| 092 | @aCN@b493186 | |
| 100 | @a20060506e20052003em y0chiy0120 ea | |
| 101 | 0 | @achi |
| 102 | @aCN@b510000 | |
| 105 | @ay z 000yy | |
| 200 | 1 | @a高校党课教程@9gao xiao dang ke jiao cheng@f罗映光主编 |
| 210 | @a成都@c电子科技大学出版社@d2003@h2005重印 | |
| 215 | @a274页@d20cm | |
| 225 | 2 | @a党的知识丛书 |
| 320 | @a有书目 | |
| 330 | @a本书主要内容:做实践“三个代表”的先锋战士,争取早日成为一名光荣的中国共产党党员,党的纪律是党的领导力和战斗力的根本保证等。 | |
| 461 | 0 | @12001 @a党的知识丛书 |
| 606 | 0 | @a中国共产党@x党课@x高等学校@j教材 |
| 606 | 0 | @a中国共产党 |
| 606 | 0 | @a党课 |
| 690 | @aD261.42@v4 | |
| 701 | 0 | @a罗映光@9luo ying guang@4主编 |
| 801 | 0 | @aCN@bLZJBOOK@c20070110 |
| 905 | @a10447@dD261.42@e139 | |
| 高校党课教程/罗映光主编.-成都:电子科技大学出版社,2003(2005重印) |
| 274页;20cm.-(党的知识丛书) |
| ISBN 7-81094-167-4:CNY21.80 |
| 本书主要内容:做实践“三个代表”的先锋战士,争取早日成为一名光荣的中国共产党党员,党的纪律是党的领导力和战斗力的根本保证等。 |
| ● |
| 相关链接 |
|
|
|
|
正题名:高校党课教程
索取号:D261.42/139
 
预约/预借
| 序号 | 登录号 | 条形码 | 馆藏地/架位号 | 状态 | 备注 |
| 1 | 0562215 | 205622156 | 第一样本阅览室/ [索取号:D261.42/139] | 在馆 | |
| 2 | 0562216 | 205622165 | 第一借阅区/ [索取号:D261.42/139] | 在馆 | |
| 3 | 0562217 | 205622174 | 密集书库/ [索取号:D261.42/139] | 在馆 | |
| 4 | 0562218 | 205622183 | 第一借阅区/ [索取号:D261.42/139] | 在馆 | |
| 5 | 0562219 | 205622192 | 第一借阅区/ [索取号:D261.42/139] | 在馆 | |
| 6 | 0562220 | 205622209 | 密集书库/ [索取号:D261.42/139] | 在馆 | |
| 7 | 0562221 | 205622218 | 密集书库/ [索取号:D261.42/139] | 在馆 | |
| 8 | 0562222 | 205622227 | 第一借阅区/ [索取号:D261.42/139] | 在馆 |